00301nam a2200121Ia 4500008004100000040001700041041001200058082001800070100001800088245002200106260004000128300001100168230917s9999||||xx |||||||||||||| ||und|| e128491aMAIN aEnglish a320.954 N231I aNayar, Kuldip 0aIndia after Nehru aDelhibVikas Publishing Housec1975 a290 p.